00865nam a2200265Ia 450000100060000000300090000600800410001504000130005604000130006904100130008210000110009510000290010624500490013524500490018425000110023326000090024426000120025326000490026530000430031450001390035765000270049665000310052370000160055470000290057010248IT-RoPAU130308s9999 xx 000 0 und d aIT-RoPAU cIT-RoPAU aITALIANO aAA.VV. gCodice Aut. SPICS: 12000 aMorire di musica-Il rock, l'eroina, la morte bMorire di Musica-Il Rock, L'Eroina, la Morte a1a ed. aROMA bSavelli c1979 [1° Ed.:1979 - Ed.Ling.Originale:1979] a"192 p. (prefazione: no ; testo: 192)" aFine di una Cultura Nei Testi di tre Grandi musicisti Scomparsi: Jimi Hendrix Janis Joplin Jim Morrison Musica Rock Musica e Societa' aAUTORI/OPERE DI MUSICA eCodice materia Spics: 7007 aAla Nemesio gCodice Aut. SPICS: 10038